[Event "PRO League Group Stage"]
[Site "chess.com INT"]
[Date "2018.03.07"]
[Round "9"]
[White "Kiewra, Keaton"]
[Black "Naroditsky, Daniel"]
[Result "1/2-1/2"]
[WhiteTitle "IM"]
[BlackTitle "GM"]
[WhiteElo "2382"]
[BlackElo "2619"]
[WhiteTeam "San Diego Surfers"]
[BlackTeam "San Jose Hackers"]
[WhiteFideId "2019280"]
[BlackFideId "2026961"]
[EventDate "2018.01.18"]

1. Nf3 d5 2. d4 Bf5 3. Bf4 e6 4. e3 Bd6 5. Bg3 Nf6 6. Bd3 Ne4 7. Bxd6 cxd6 8.
O-O Nc6 9. Nfd2 Qg5 10. f4 Qg6 11. Nxe4 Bxe4 12. Bxe4 Qxe4 13. Rf3 O-O 14. Nd2
Qf5 15. c3 Ne7 16. Nf1 Qg6 17. Rg3 Qf6 18. Rh3 Qg6 19. Rg3 Qf6 20. Rh3 g6 21.
Ng3 Nf5 22. Qd3 Rfe8 23. e4 Nxg3 24. hxg3 dxe4 25. Qxe4 e5 26. fxe5 dxe5 27. Rf1
Qb6 28. Qh4 h5 29. g4 exd4 30. gxh5 dxc3+ 31. Kh1 Re3 32. Rxe3 Qxe3 33. hxg6
fxg6 34. Qc4+ Kh8 35. Qh4+ Kg8 36. Qc4+ Kh8 37. Qh4+ Kg8 1/2-1/2

[Event "PRO League Group Stage"]
[Site "chess.com INT"]
[Date "2018.03.07"]
[Round "9"]
[White "Kiewra, Keaton"]
[Black "Izoria, Zviad"]
[Result "0-1"]
[WhiteTitle "IM"]
[BlackTitle "GM"]
[WhiteElo "2382"]
[BlackElo "2599"]
[WhiteTeam "San Diego Surfers"]
[BlackTeam "San Jose Hackers"]
[WhiteFideId "2019280"]
[BlackFideId "13601733"]
[EventDate "2018.01.18"]

1. Nf3 g6 2. d4 Nf6 3. c4 Bg7 4. Nc3 d5 5. Bg5 Ne4 6. Bf4 O-O 7. e3 c5 8. cxd5
Qa5 9. Rc1 cxd4 10. exd4 Nxc3 11. bxc3 Qxd5 12. Qd2 Nc6 13. Be2 e5 14. dxe5
Qxd2+ 15. Kxd2 Rd8+ 16. Kc2 Bf5+ 17. Kb2 Nxe5 18. Nxe5 Bxe5 19. Be3 Be4 20. f3
Bd3 21. Bd4 Rxd4 0-1

[Event "PRO League Group Stage"]
[Site "chess.com INT"]
[Date "2018.03.07"]
[Round "9"]
[White "Kantans, Toms"]
[Black "Urkedal, Frode"]
[Result "0-1"]
[WhiteTitle "GM"]
[BlackTitle "GM"]
[WhiteElo "2478"]
[BlackElo "2572"]
[WhiteTeam "Riga Magicians"]
[BlackTeam "Oslo Trolls"]
[WhiteFideId "11602945"]
[BlackFideId "1506102"]
[EventDate "2018.01.18"]

1. e4 e5 2. Nf3 Nc6 3. d4 exd4 4. Nxd4 Nf6 5. Nc3 Bb4 6. Nxc6 bxc6 7. Qd4 Qe7 8.
f3 Bc5 9. Qd3 Rb8 10. Be3 Rxb2 11. Nd1 Rb6 12. Bxc5 Qxc5 13. Qc3 Qxc3+ 14. Nxc3
d6 15. Bd3 Be6 16. Kd2 Nd7 17. a4 a5 18. Rhb1 Ke7 19. Rxb6 Nxb6 20. Rb1 Rb8 21.
f4 f6 22. Ke2 Nd7 23. Rxb8 Nxb8 24. Ke3 Nd7 25. h4 h6 26. Ne2 Nb6 27. Nd4 Kd7
28. Ba6 Nxa4 29. Bb7 Nc5 30. Bxc6+ Ke7 31. Nxe6 Nxe6 32. g3 g5 33. hxg5 hxg5 34.
c3 Nc5 35. Bd5 Kd7 36. Kd4 gxf4 37. gxf4 Ne6+ 38. Ke3 c6 39. Bc4 a4 40. Ba2 a3
41. Bb3 Nc5 42. Ba2 Ke7 43. Kd4 Ne6+ 44. Ke3 Kd7 45. Bb3 Nc5 46. Ba2 Kc7 47. Kd4
Kb6 48. e5 fxe5+ 49. fxe5 dxe5+ 50. Kxe5 Nd3+ 51. Kd4 Nc1 0-1

[Event "PRO League Group Stage"]
[Site "chess.com INT"]
[Date "2018.03.07"]
[Round "9"]
[White "Kantans, Toms"]
[Black "Haug, Johannes"]
[Result "1-0"]
[WhiteTitle "GM"]
[BlackTitle "FM"]
[WhiteElo "2478"]
[BlackElo "2357"]
[WhiteTeam "Riga Magicians"]
[BlackTeam "Oslo Trolls"]
[WhiteFideId "11602945"]
[BlackFideId "1509268"]
[EventDate "2018.01.18"]

1. e4 e6 2. d4 d5 3. Nd2 c5 4. Ngf3 cxd4 5. Nxd4 Nc6 6. Bb5 Bd7 7. Nxc6 bxc6 8.
Bd3 Bd6 9. O-O Ne7 10. c4 O-O 11. Qe2 Ng6 12. Nf3 Nf4 13. Bxf4 Bxf4 14. Rad1
dxc4 15. Bxc4 Qe7 16. e5 Rfd8 17. Qe4 Bh6 18. Rd6 Be8 19. Rfd1 g6 20. Qd4 Rdb8
21. b3 Qc7 22. Qh4 Bf8 23. Ng5 h6 24. Ne4 Bg7 25. Nf6+ Bxf6 26. exf6 Kh7 27.
R1d3 Rd8 28. Rh3 h5 29. Qg5 Qxd6 30. Rxh5+ Kg8 31. Rh8+ Kxh8 32. Qh6+ Kg8 33.
Qg7# 1-0

[Event "PRO League Group Stage"]
[Site "chess.com INT"]
[Date "2018.03.07"]
[Round "9"]
[White "Predojevic, Borki"]
[Black "Ladva, Ottomar"]
[Result "1/2-1/2"]
[WhiteTitle "GM"]
[BlackTitle "GM"]
[WhiteElo "2622"]
[BlackElo "2522"]
[WhiteTeam "Norway Gnomes"]
[BlackTeam "Estonia Horses"]
[WhiteFideId "930849"]
[BlackFideId "4500024"]
[EventDate "2018.01.18"]

1. Nf3 d5 2. g3 g6 3. Bg2 Bg7 4. d4 Nd7 5. O-O Ngf6 6. a4 a5 7. b3 O-O 8. c4 c6
9. Nc3 Nb6 10. cxd5 Nbxd5 11. Nxd5 cxd5 12. Ba3 Bf5 13. e3 Be4 14. Qe2 Re8 15.
Rfc1 Qb6 16. Bc5 Qa6 17. Qd1 Nd7 18. Bf1 Qf6 19. Nd2 Nxc5 20. Rxc5 b6 21. Nxe4
dxe4 22. Rc2 Rec8 23. Rac1 Qf5 24. Bg2 Rd8 25. Rc7 e5 26. Qc2 Rab8 27. Bxe4 Qe6
28. d5 Qd6 29. Qc4 Bf8 30. Qb5 Qb4 31. Qxb4 Bxb4 32. Bd3 Bc5 33. Bc4 Rbc8 34.
Rc6 Kf8 35. Kg2 Ke7 36. Rc2 h5 37. h3 Kd7 38. Bb5 Ke7 39. d6+ Ke6 40. Rxc8 Rxc8
41. d7 Rd8 42. Rc1 Ke7 43. Rd1 Ke6 44. g4 hxg4 45. hxg4 f5 46. Kf3 Be7 47. gxf5+
gxf5 48. Rg1 e4+ 49. Ke2 Rh8 50. Rg6+ Bf6 51. Kf1 Kf7 52. Rg1 Rh2 53. Ke2 Bh4
54. Rf1 Ke7 55. Ke1 Kd8 56. Ke2 Ke7 57. Bc6 Kd8 58. Bb5 Ke7 1/2-1/2

[Event "PRO League Group Stage"]
[Site "chess.com INT"]
[Date "2018.03.07"]
[Round "9"]
[White "Predojevic, Borki"]
[Black "Kukk, Sander"]
[Result "0-1"]
[WhiteTitle "GM"]
[WhiteElo "2622"]
[BlackElo "2178"]
[WhiteTeam "Norway Gnomes"]
[BlackTeam "Estonia Horses"]
[WhiteFideId "930849"]
[BlackFideId "4502094"]
[EventDate "2018.01.18"]

1. Nf3 g6 2. g3 Bg7 3. d4 Nf6 4. Bg2 O-O 5. O-O d6 6. c4 Nc6 7. Nc3 e5 8. dxe5
Nxe5 9. b3 Qe7 10. Bb2 Nxf3+ 11. Bxf3 c6 12. Qd2 Bh3 13. Rfe1 Rad8 14. Rad1 Rfe8
15. Qd4 a6 16. Qh4 Be6 17. Na4 b5 18. Nb6 d5 19. cxd5 Nxd5 20. Nxd5 Qxh4 21.
gxh4 Bxd5 22. Bxg7 Kxg7 23. Bxd5 Rxd5 24. Rxd5 cxd5 25. Kg2 Re4 26. Kg3 h5 27.
h3 Kf6 28. f3 Re6 29. Kf2 Rc6 30. Rd1 Ke5 31. Rd3 Rc2 32. a3 d4 33. Ke1 a5 34.
Kf2 Rc3 35. Kg3 f6 36. Rd1 Rxb3 37. Rc1 Kd5 38. a4 b4 39. Rc8 Ra3 40. Rf8 Rxa4
41. Rxf6 b3 0-1

[Event "PRO League Group Stage"]
[Site "chess.com INT"]
[Date "2018.03.07"]
[Round "9"]
[White "Van Wely, Loek"]
[Black "Gunnarsson, Jon Viktor"]
[Result "1/2-1/2"]
[WhiteTitle "GM"]
[BlackTitle "IM"]
[WhiteElo "2656"]
[BlackElo "2466"]
[WhiteTeam "Amsterdam Mosquitoes"]
[BlackTeam "Reykjavik Puffins"]
[WhiteFideId "1000268"]
[BlackFideId "2300931"]
[EventDate "2018.01.18"]

1. d4 e6 2. c4 b6 3. Nf3 Bb7 4. a3 Nf6 5. Nc3 g6 6. Qc2 Bxf3 7. gxf3 Bg7 8. e3
d6 9. Bg2 c6 10. f4 O-O 11. Bd2 d5 12. Qa4 a6 13. O-O b5 14. cxb5 cxb5 15. Nxb5
Nbd7 16. Nd6 Qb6 17. Qb4 Rfb8 18. Qxb6 Rxb6 19. Nc4 Rbb8 20. Na5 Rxb2 21. Bc3
Rc2 22. Rfc1 Rxc1+ 23. Rxc1 Rc8 24. Bd2 Rb8 25. Bf1 Bf8 26. Ra1 Ne4 27. Be1 Rb6
28. Bd3 f5 29. a4 Kf7 30. Rc1 Bd6 31. Nc6 Ba3 32. Rc2 Rb1 33. Kf1 Nb6 34. a5 Nc4
35. Ke2 Ned6 36. Ne5+ Ke7 37. Nxc4 dxc4 38. Bxc4 Nxc4 39. Rxc4 Kd7 40. Bc3 Bd6
41. Bd2 h6 42. h3 Rb2 43. Kd3 Rb3+ 44. Bc3 Ra3 45. f3 Bc7 46. Kc2 Bxa5 47. Bxa5
Rxa5 48. Rc3 Ra2+ 49. Kd3 Rh2 50. Ra3 Rxh3 51. Ke2 Rh2+ 52. Kf1 Rh3 53. Kg2 Rh4
54. Rxa6 g5 55. fxg5 hxg5 56. Ra7+ Kd6 57. Rg7 Rh5 58. Kg3 e5 59. Rg6+ Kd5 60.
dxe5 Kxe5 61. f4+ gxf4+ 62. exf4+ Ke4 63. Re6+ Kd5 64. Re5+ Kd4 65. Kf3 Rh3+ 66.
Kg2 Rh5 67. Kg3 Kc4 68. Kf3 Kd4 69. Kg3 Kc4 70. Kf3 Kd4 71. Kg3 Kc4 1/2-1/2

[Event "PRO League Group Stage"]
[Site "chess.com INT"]
[Date "2018.03.07"]
[Round "9"]
[White "Van Wely, Loek"]
[Black "Gretarsson, Helgi Ass"]
[Result "1/2-1/2"]
[WhiteTitle "GM"]
[BlackTitle "GM"]
[WhiteElo "2656"]
[BlackElo "2451"]
[WhiteTeam "Amsterdam Mosquitoes"]
[BlackTeam "Reykjavik Puffins"]
[WhiteFideId "1000268"]
[BlackFideId "2300699"]
[EventDate "2018.01.18"]

1. d4 Nf6 2. c4 Nc6 3. Nf3 d6 4. d5 Ne5 5. Nxe5 dxe5 6. Nc3 e6 7. g3 exd5 8.
cxd5 a6 9. Bg2 Bd6 10. O-O h6 11. b3 O-O 12. Bb2 Re8 13. Qc2 Bg4 14. h3 Bd7 15.
Rad1 Qb8 16. Kh2 b5 17. Ne4 Nxe4 18. Bxe4 Qc8 19. g4 Rf8 20. Rd3 f5 21. gxf5
Bxf5 22. Rg3 Bxe4 23. Qxe4 Qf5 24. Qxf5 Rxf5 25. Kg2 a5 26. a4 bxa4 27. bxa4 Rf4
28. Ra1 Raf8 29. f3 Rc4 30. Ba3 e4 31. Bxd6 cxd6 32. fxe4 Rxe4 33. e3 Rf5 34.
Rb1 Rxd5 35. Rb7 Rg5 36. Rxg5 hxg5 37. Kf3 Rxa4 38. Rd7 Rh4 39. Rxd6 Rxh3+ 40.
Ke4 Kf7 41. Ra6 a4 42. Kf5 g6+ 43. Kxg5 Rxe3 44. Rxa4 Re5+ 45. Kg4 Rb5 46. Ra7+
Kf6 47. Ra6+ Kg7 48. Ra8 Kf6 49. Ra6+ Kg7 50. Ra8 Kf6 51. Ra6+ Kg7 1/2-1/2

[Event "PRO League Group Stage"]
[Site "chess.com INT"]
[Date "2018.03.07"]
[Round "9"]
[White "Hambleton, Aman"]
[Black "Banusz, Tamas"]
[Result "1/2-1/2"]
[WhiteTitle "IM"]
[BlackTitle "GM"]
[WhiteElo "2501"]
[BlackElo "2641"]
[WhiteTeam "Montreal Chessbrahs"]
[BlackTeam "Webster Windmills"]
[WhiteFideId "2606577"]
[BlackFideId "722413"]
[EventDate "2018.01.18"]

1. d4 d5 2. Bf4 Nf6 3. e3 c5 4. Nf3 Nc6 5. Nbd2 cxd4 6. exd4 Bf5 7. c3 e6 8. Qb3
Qc8 9. Nh4 Be4 10. Nxe4 Nxe4 11. Nf3 Bd6 12. Bxd6 Nxd6 13. Bd3 Qc7 14. O-O O-O
15. Rfe1 g6 16. h4 Ne8 17. h5 Nf6 18. hxg6 hxg6 19. g3 Kg7 20. Kg2 Rh8 21. Qc2
Ng4 22. Rh1 Qe7 23. Qe2 a6 24. a4 Rae8 25. Nh4 Nf6 26. f4 Qc7 27. Rae1 Ne7 28.
Qe5 Qxe5 29. fxe5 Nd7 30. g4 Nb6 31. a5 Nc4 32. Bxc4 dxc4 33. Nf3 Nc6 34. Rxh8
Rxh8 35. Ra1 Rd8 36. Ng5 Rd5 37. Rh1 Rxa5 38. Rh7+ Kg8 39. Rxf7 Nxe5 40. dxe5
Rxe5 41. Nf3 Re2+ 42. Kf1 Rxb2 43. Rc7 b5 44. Nd4 e5 45. Nc6 Rc2 46. Nxe5 Rxc3
47. Nxg6 b4 48. Ne5 b3 49. Rb7 Rc2 50. Nxc4 Rxc4 51. Rxb3 Rxg4 52. Rb6 Ra4 53.
Ke2 Kf7 54. Kd3 Ke7 55. Kc3 Kd7 56. Kb3 Ra1 57. Kb2 Ra5 58. Rh6 Kc7 59. Rh7+ Kb6
60. Rh6+ Kb5 61. Rh5+ Kb4 62. Rxa5 Kxa5 63. Ka3 1/2-1/2

[Event "PRO League Group Stage"]
[Site "chess.com INT"]
[Date "2018.03.07"]
[Round "9"]
[White "Hambleton, Aman"]
[Black "Cervantes Landeiro, Thalia"]
[Result "1/2-1/2"]
[WhiteTitle "IM"]
[BlackTitle "WFM"]
[WhiteElo "2501"]
[BlackElo "2128"]
[WhiteTeam "Montreal Chessbrahs"]
[BlackTeam "Webster Windmills"]
[WhiteFideId "2606577"]
[BlackFideId "3520498"]
[EventDate "2018.01.18"]

1. b3 Nf6 2. Bb2 d5 3. g3 g6 4. Bg2 Bg7 5. e3 O-O 6. d3 c6 7. a3 Nbd7 8. h3 Re8
9. Ne2 e5 10. Nd2 Qe7 11. O-O b6 12. Kh2 Bb7 13. Qb1 c5 14. Qd1 Rad8 15. Rb1 Nf8
16. Qe1 e4 17. d4 Ba6 18. Rg1 Ne6 19. c3 Bd3 20. Ra1 h5 21. Nc1 c4 22. Nxd3 cxd3
23. c4 Ng5 24. Qd1 Qd6 25. Rc1 h4 26. b4 hxg3+ 27. fxg3 Nh5 28. Qe1 Bh6 29. c5
Qb8 30. Qf2 Nf3+ 31. Bxf3 exf3 32. Rce1 Bg7 33. Nxf3 Nf6 34. Nd2 bxc5 35. dxc5
Ng4+ 36. hxg4 Bxb2 37. Rb1 Bc3 38. Rgf1 Qc7 39. Rbd1 Qe7 40. Kg2 Rd7 41. Rfe1
Kg7 42. Qf1 Bxd2 43. Rxd2 Qe4+ 44. Qf3 Rde7 45. Rf1 d4 46. Qxe4 Rxe4 47. Rxd3
dxe3 48. Re1 R4e6 49. Re2 a6 50. Rc3 Kh6 51. Kf3 Rf6+ 52. Kg2 Rfe6 53. a4 Rb8
54. Rexe3 Rxe3 55. Rxe3 Rxb4 56. Rc3 Rb7 57. c6 Rc7 58. Kf3 Kg5 59. Rc5+ Kf6 60.
g5+ Ke6 61. Ke4 Kd6 62. Rd5+ Kxc6 63. Rd8 Re7+ 64. Kf4 Kc5 65. Ra8 Kb6 66. g4
Ka5 67. Kf3 Kxa4 68. Rxa6+ Kb5 69. Rd6 Kc5 70. Rd1 Kc6 71. Kf4 Kc5 72. Rd8 Kc6
73. Rd2 Kc7 74. Kf3 Kc6 75. Kg3 Kc7 76. Kf4 Kc6 77. Ra2 Kd7 78. Ra8 Ke6 79. Ra6+
Kd7 80. Rb6 Ke8 81. Rd6 Rd7 82. Ra6 Re7 83. Ra8+ Kd7 84. Rf8 Ke6 85. Ra8 Kd7 86.
Rb8 Kc7 87. Rh8 Kd7 88. Rg8 Kd6 89. Rd8+ Kc7 90. Rd3 Kc8 91. Kf3 Kc7 92. Rd5 Kc6
93. Rd4 Kc7 94. Kg3 Kc6 95. Kf4 Kc5 96. Rd8 Kc6 97. Rd1 Kc7 98. Rd5 Kc6 99. Ra5
Kd7 100. Ra8 Kd6 101. Kf3 Kd7 102. Rf8 Kd6 103. Kg3 Kd7 104. Kf4 Kd6 105. Rc8
Kd7 106. Rc1 Kd6 107. Ra1 Kd7 108. Ra6 Kd8 109. Ra8+ Kd7 110. Rh8 Kd6 111. Kf3
Kd7 112. Rf8 Kd6 113. Rd8+ Kc7 114. Rd3 Kc8 115. Kg3 Kc7 116. Kf4 Kc6 117. Rd1
Kc7 118. Rd5 Kc8 119. Rb5 Kd7 120. Rb6 Kc7 121. Ra6 Kd7 122. Ra2 Kd8 123. Rc2
Kd7 124. Rc5 Kd6 125. Ra5 Kd7 126. Ra6 Kd8 127. Rf6 Kd7 128. Rb6 Kc7 129. Ra6 1/2-1/2

[Event "PRO League Group Stage"]
[Site "chess.com INT"]
[Date "2018.03.07"]
[Round "9"]
[White "Stremavicius, Titas"]
[Black "Khachiyan, Melikset"]
[Result "1-0"]
[WhiteTitle "IM"]
[BlackTitle "GM"]
[WhiteElo "2432"]
[BlackElo "2522"]
[WhiteTeam "Dallas Destiny"]
[BlackTeam "Las Vegas Desert Rats"]
[WhiteFideId "12804444"]
[BlackFideId "13300512"]
[EventDate "2018.01.18"]

1. d4 Nf6 2. c4 g6 3. Nc3 Bg7 4. e4 O-O 5. Bd3 c6 6. Nge2 d5 7. e5 Nfd7 8. cxd5
cxd5 9. h4 Nc6 10. h5 e6 11. f4 a5 12. Be3 b6 13. Rc1 Ne7 14. g4 Ba6 15. Nb5
Bxb5 16. Bxb5 Rc8 17. h6 Bh8 18. g5 Nf5 19. Bf2 Qe7 20. a3 Nb8 21. Rh3 Rxc1 22.
Qxc1 Rd8 23. Rc3 Qf8 24. Rc7 Nxh6 25. gxh6 Qxh6 26. Rb7 Qh1+ 27. Bg1 Qh4+ 28.
Kd2 Rf8 29. Qc7 g5 30. Be3 gxf4 31. Bxf4 Qd8 32. Qxd8 Rxd8 33. Bg5 f6 34. exf6
Rf8 35. f7+ Rxf7 36. Rxb8+ Kg7 37. Rxb6 Kg6 38. Be8 Kxg5 39. Bxf7 e5 40. dxe5
Bxe5 41. Bxd5 h5 42. Rb5 h4 43. Bg2 Kf6 44. Bh3 1-0

[Event "PRO League Group Stage"]
[Site "chess.com INT"]
[Date "2018.03.07"]
[Round "9"]
[White "Stremavicius, Titas"]
[Black "Yanayt, Eugene"]
[Result "1-0"]
[WhiteTitle "IM"]
[BlackTitle "FM"]
[WhiteElo "2432"]
[BlackElo "2203"]
[WhiteTeam "Dallas Destiny"]
[BlackTeam "Las Vegas Desert Rats"]
[WhiteFideId "12804444"]
[BlackFideId "2020165"]
[EventDate "2018.01.18"]

1. d4 Nf6 2. c4 g6 3. Nc3 Bg7 4. e4 d6 5. Bd3 O-O 6. Nge2 c5 7. d5 e6 8. h3 exd5
9. exd5 Nbd7 10. f4 Re8 11. O-O a6 12. a4 b6 13. Bd2 Bb7 14. g4 Nxg4 15. hxg4
Qh4 16. Kg2 Nf6 17. Ng3 b5 18. axb5 axb5 19. Rxa8 Bxa8 20. g5 bxc4 21. gxf6 Qxf6
22. Bxc4 h5 23. Re1 Rb8 24. b3 Bb7 25. Nce4 Qd8 26. Nxh5 gxh5 27. Qxh5 Ra8 28.
Kf3 Ra3 29. Rg1 f6 30. Bc3 Kf8 31. Rxg7 1-0

[Event "PRO League Group Stage"]
[Site "chess.com INT"]
[Date "2018.03.07"]
[Round "9"]
[White "Demidov, Mikhail"]
[Black "Hemant, Sharma2"]
[Result "1-0"]
[WhiteTitle "IM"]
[BlackTitle "IM"]
[WhiteElo "2523"]
[BlackElo "2348"]
[WhiteTeam "Volga Stormbringers"]
[BlackTeam "Delhi Dynamite"]
[WhiteFideId "4197143"]
[BlackFideId "5025842"]
[EventDate "2018.01.18"]

1. d4 Nf6 2. Nf3 e6 3. c4 d5 4. Nc3 Be7 5. Bg5 h6 6. Bh4 O-O 7. e3 Ne4 8. Bxe7
Qxe7 9. cxd5 Nxc3 10. bxc3 exd5 11. Qb3 c6 12. Be2 Nd7 13. O-O b6 14. a4 Bb7 15.
a5 c5 16. Bb5 Nf6 17. Ne5 a6 18. Be2 b5 19. Qa3 Rac8 20. Rfd1 Rfe8 21. Nd3 Ne4
22. Bf3 cxd4 23. Qxe7 Rxe7 24. cxd4 Nc3 25. Rdc1 Rcc7 26. Rc2 Na4 27. Rac1 Rc4
28. Ne5 Nb2 29. Nxc4 Nxc4 30. Ra2 f5 31. Kf1 g6 32. Re1 Kf7 33. Ke2 Rc7 34. Kd3
Kf6 35. h3 h5 36. Rh1 Bc6 37. Kc3 Bd7 38. Kb4 Be6 39. Rc2 Rc8 40. Be2 Rc6 41.
Bd3 Ke7 42. Rd1 Kd6 43. Re2 Kd7 44. f3 Nd6 45. Rg1 g5 46. Rc2 Nc4 47. Re1 g4 48.
hxg4 hxg4 49. Bxc4 bxc4 50. Kc3 Bf7 51. Rb2 Rh6 52. Rb7+ Ke8 53. fxg4 fxg4 54.
Rf1 1-0

[Event "PRO League Group Stage"]
[Site "chess.com INT"]
[Date "2018.03.07"]
[Round "9"]
[White "Demidov, Mikhail"]
[Black "Narayanan, Srinath"]
[Result "1/2-1/2"]
[WhiteTitle "IM"]
[BlackTitle "GM"]
[WhiteElo "2523"]
[BlackElo "2527"]
[WhiteTeam "Volga Stormbringers"]
[BlackTeam "Delhi Dynamite"]
[WhiteFideId "4197143"]
[BlackFideId "5018420"]
[EventDate "2018.01.18"]

1. d4 Nf6 2. Nf3 g6 3. g3 Bg7 4. Bg2 O-O 5. O-O d5 6. c3 Nbd7 7. Qb3 c5 8. Qa3
b6 9. Rd1 Bb7 10. Bf4 Nh5 11. Be3 Qc7 12. Nbd2 Rfe8 13. Rac1 e5 14. dxe5 Nxe5
15. Nxe5 Rxe5 16. b4 Bf8 17. Nf1 Rae8 18. bxc5 bxc5 19. Qb3 Ba6 20. Rxd5 Bxe2
21. Rxe5 Rxe5 22. Rb1 Re7 23. Qb8 Nf6 24. Bg5 Qxb8 25. Rxb8 Re8 26. Rb7 Ne4 27.
Bxe4 Rxe4 28. Rxa7 h6 29. Be3 Re8 30. Kg2 Bc4 31. Nd2 Bd5+ 32. Kf1 Rb8 33. c4
Be6 34. a4 Rb2 35. a5 Bg7 36. a6 Bc3 37. Ra8+ Kg7 38. a7 Ra2 39. Bxc5 Bxd2 40.
Bd4+ f6 41. Rd8 Bh3+ 42. Kg1 Rc2 43. f3 Ba5 44. a8=Q Rc1+ 45. Kf2 Rf1+ 1/2-1/2

[Event "PRO League Group Stage"]
[Site "chess.com INT"]
[Date "2018.03.07"]
[Round "9"]
[White "Skoberne, Jure"]
[Black "Riff, Jean-Noel"]
[Result "1-0"]
[WhiteTitle "GM"]
[BlackTitle "GM"]
[WhiteElo "2553"]
[BlackElo "2503"]
[WhiteTeam "Ljubljana Turtles"]
[BlackTeam "London Lions"]
[WhiteFideId "14604299"]
[BlackFideId "611190"]
[EventDate "2018.01.18"]

1. f4 c5 2. Nf3 Nc6 3. g3 g6 4. Bg2 Bg7 5. O-O d6 6. e4 e6 7. Nc3 Nge7 8. d3 O-O
9. Be3 b6 10. Bf2 Ba6 11. Re1 Rc8 12. d4 cxd4 13. Nxd4 Nxd4 14. Bxd4 e5 15. Bf2
exf4 16. gxf4 Qc7 17. Bd4 Bxd4+ 18. Qxd4 Qc5 19. Rad1 Rfd8 20. Rd2 Bc4 21. Red1
Qxd4+ 22. Rxd4 b5 23. Rxd6 Rxd6 24. Rxd6 b4 25. Nd5 Bxd5 26. exd5 Rxc2 27. Rd8+
Kg7 28. d6 Nf5 29. d7 Rd2 30. Bc6 Ne7 31. Ba4 Nf5 32. Kf1 Nd4 33. Rg8+ 1-0

[Event "PRO League Group Stage"]
[Site "chess.com INT"]
[Date "2018.03.07"]
[Round "9"]
[White "Skoberne, Jure"]
[Black "Harvey, Marcus R"]
[Result "0-1"]
[WhiteTitle "GM"]
[BlackTitle "FM"]
[WhiteElo "2553"]
[BlackElo "2349"]
[WhiteTeam "Ljubljana Turtles"]
[BlackTeam "London Lions"]
[WhiteFideId "14604299"]
[BlackFideId "400092"]
[EventDate "2018.01.18"]

1. c4 Nf6 2. d4 e6 3. g3 Bb4+ 4. Bd2 Qe7 5. Bg2 O-O 6. Nf3 Bxd2+ 7. Qxd2 d6 8.
Nc3 e5 9. O-O Re8 10. e4 Bg4 11. dxe5 dxe5 12. Nd5 Qd8 13. Nh4 c6 14. Nxf6+ Qxf6
15. f4 Be6 16. Qc3 exf4 17. Qxf6 gxf6 18. gxf4 Bxc4 19. Rfd1 Be6 20. Rd6 Kf8 21.
b3 Ke7 22. Rad1 a5 23. f5 Bc8 24. e5 fxe5 25. f6+ Kf8 26. Be4 Nd7 27. Bxh7 Re6
28. Bf5 Rxd6 29. Rxd6 Ke8 30. Nf3 a4 31. h4 axb3 32. axb3 Nxf6 33. Bxc8 Ke7 34.
Rxf6 Kxf6 35. Bxb7 Rb8 36. Bxc6 Rxb3 37. Kf2 Kf5 38. h5 Kf4 39. h6 Rb2+ 40. Kf1
Rb8 41. Kf2 Rh8 42. Bd5 f5 43. Ne1 e4 44. Ng2+ Ke5 45. Bf7 Rxh6 46. Kg3 Rf6 47.
Bh5 f4+ 48. Kf2 Ra6 49. Bd1 Ra2+ 50. Kf1 f3 51. Ne3 Kf4 52. Nc2 Rb2 53. Nd4 Rd2
54. Ne6+ Ke5 55. Ke1 Rxd1+ 0-1

[Event "PRO League Group Stage"]
[Site "chess.com INT"]
[Date "2018.03.07"]
[Round "9"]
[White "Le, Quang Liem"]
[Black "Hansen, Eric"]
[Result "0-1"]
[WhiteTitle "GM"]
[BlackTitle "GM"]
[WhiteElo "2737"]
[BlackElo "2629"]
[WhiteTeam "Webster Windmills"]
[BlackTeam "Montreal Chessbrahs"]
[WhiteFideId "12401137"]
[BlackFideId "2606771"]
[EventDate "2018.01.18"]

1. d4 Nf6 2. Bf4 g6 3. e3 Bg7 4. Nf3 O-O 5. Nbd2 d6 6. h3 b6 7. Bd3 Bb7 8. O-O
c5 9. Bh2 Nbd7 10. c3 a6 11. Re1 b5 12. a4 Qb6 13. e4 Rfd8 14. Qe2 c4 15. Bc2
Nf8 16. d5 N8d7 17. Bf4 Nc5 18. Be3 Qc7 19. Nd4 Qd7 20. Red1 Qe8 21. Bg5 h6 22.
Bh4 Nh5 23. Qf3 Nd7 24. g4 Nhf6 25. Bg3 Nc5 26. Qe2 e6 27. axb5 axb5 28. Rxa8
Bxa8 29. dxe6 Nxe6 30. N2f3 Nc5 31. e5 Nfe4 32. exd6 Qd7 33. Be5 Re8 34. Bxg7
Kxg7 35. Re1 Nxd6 36. Qd1 Be4 37. Bxe4 Ndxe4 38. Nd2 Ng5 39. Rxe8 Qxe8 40. Qf1
Nd3 41. b3 Nf4 42. h4 Ngh3+ 43. Kh2 Qc8 44. Kg3 h5 45. f3 Qb8 46. Kh2 Ne2+ 47.
f4 Nexf4 48. bxc4 Ne2+ 49. Kxh3 Qg3# 0-1

[Event "PRO League Group Stage"]
[Site "chess.com INT"]
[Date "2018.03.07"]
[Round "9"]
[White "Le, Quang Liem"]
[Black "Hambleton, Aman"]
[Result "1-0"]
[WhiteTitle "GM"]
[BlackTitle "IM"]
[WhiteElo "2737"]
[BlackElo "2501"]
[WhiteTeam "Webster Windmills"]
[BlackTeam "Montreal Chessbrahs"]
[WhiteFideId "12401137"]
[BlackFideId "2606577"]
[EventDate "2018.01.18"]

1. d4 Nf6 2. Bf4 c5 3. e3 Nd5 4. Bg3 Qb6 5. b3 cxd4 6. exd4 Nc6 7. Nf3 e6 8. c3
Nf6 9. Bd3 d6 10. Nbd2 Be7 11. h3 O-O 12. O-O Re8 13. Re1 Qd8 14. b4 b6 15. a4
Bb7 16. a5 d5 17. Nb3 Bd6 18. Ne5 Qc7 19. Qf3 Ne7 20. Bh4 Bxe5 21. dxe5 Ne4 22.
a6 Bc6 23. Bxe7 Qxe7 24. Nd4 Rac8 25. Nxc6 Rxc6 26. Rxe4 dxe4 27. Qxe4 Qc7 28.
Qxh7+ Kf8 29. Bb5 Rc8 30. Bxc6 Qxc6 31. Rd1 Qxc3 32. Qh8+ Ke7 33. Qxg7 Qc2 34.
Qg5+ Ke8 35. Qh5 Qc4 36. b5 Ke7 37. Qg5+ Ke8 38. h4 Qc2 39. Qg4 Qb3 40. Kh2 1-0

[Event "PRO League Group Stage"]
[Site "chess.com INT"]
[Date "2018.03.07"]
[Round "9"]
[White "Ramirez, Alejandro"]
[Black "Perez, Maximiliano"]
[Result "1-0"]
[WhiteTitle "GM"]
[BlackTitle "IM"]
[WhiteElo "2568"]
[BlackElo "2399"]
[WhiteTeam "Saint Louis Arch Bishops"]
[BlackTeam "Buenos Aires Krakens"]
[WhiteFideId "6500617"]
[BlackFideId "117234"]
[EventDate "2018.01.18"]

1. Nf3 Nf6 2. g3 g6 3. Bg2 Bg7 4. O-O O-O 5. d4 d6 6. b3 e5 7. dxe5 dxe5 8. Ba3
Qxd1 9. Rxd1 Re8 10. Nc3 a6 11. Nd2 Nbd7 12. Nc4 Bf8 13. Bxf8 Nxf8 14. a4 Rb8
15. a5 Bf5 16. Rd2 e4 17. Rad1 Bd7 18. Ne3 Bc6 19. Na2 b6 20. Nb4 Bb7 21. axb6
cxb6 22. Rd6 Re6 23. Bh3 a5 24. Bxe6 Nxe6 25. Nbd5 Nxd5 26. Nxd5 Bxd5 27. R1xd5
b5 28. Re5 a4 29. bxa4 bxa4 30. Ra6 Rb4 31. Rea5 Kg7 32. Rxa4 Rb1+ 33. Kg2 Nc5
34. Ra1 Rb2 35. R1a2 Rb4 36. Rc6 Ne6 37. c3 Rb1 38. Ra4 e3 39. f4 Re1 40. Kf3
Rh1 41. h4 Kh6 42. Re4 Ng7 43. Re5 Rg1 44. Rf6 Nh5 45. Rxh5+ Kxh5 46. Rxf7 h6
47. Re7 Rf1+ 48. Kxe3 Kg4 49. Rg7 Kf5 50. c4 Rc1 51. Rc7 Rc3+ 52. Kf2 Kg4 53.
Rc6 g5 54. hxg5 hxg5 55. Rg6 Rxc4 56. Rxg5+ Kh3 57. Kf3 1-0